| 000 | 00576 a2200193 4500 | ||
|---|---|---|---|
| 001 | 63595 | ||
| 005 | 20260407155934.0 | ||
| 008 | 260407a1970 arg spa d | ||
| 003 | AR-UNSa-BCEJYS | ||
| 040 |
_aAR-UNSa-BCEJYS _bspa _cAR-UNSa-BCEJYS |
||
| 080 |
_a004.42 _xProgramación de ordenadores. Programas de ordenador |
||
| 245 | 1 | 0 | _aFundamentos de programación de computadoras digitales |
| 264 | 1 |
_aMéxico : _bLimusa-Wiley _c1970 |
|
| 300 |
_a133 p. _c23 cm. |
||
| 041 | _aspa | ||
| 942 | _cBK | ||
| 590 | _aniveau_biblio:m niveau_hierar:0 | ||
| 100 | 1 | _aMurphy, John S. | |
| 999 |
_c8250 _d8250 |
||